| 000 | 01110nam a2200325 i 4500 | ||
|---|---|---|---|
| 003 | EG-GICUC | ||
| 005 | 20260121101742.0 | ||
| 008 | 260119s1916 us b|||fr|||| 000 0 eng d | ||
| 040 |
_aEG-GiCUC _beng _cEG-GiCUC _dEG-GiCUC _erda |
||
| 041 | _aeng | ||
| 082 | 0 | 4 |
_221 _a341.640493 _bWA . B |
| 092 | 0 | 4 | _221 |
| 099 | _aLaw1 11 341.640493 WA . B 1916 | ||
| 100 | 1 |
_a Waxweiler, Emile _eAuthor. |
|
| 245 | 1 | 0 |
_aBelgium And The Great Powers : _bHer Neutrality Explained And Vindicated / _cBy Emile Waxweiler. |
| 264 | 1 |
_a New York : _bAg. P. Putnam's Sons The Knickerbocker Press, _c1916. |
|
| 300 |
_a186 pages : _billustrations, _c24 cm |
||
| 336 |
_2rda content _atext |
||
| 337 |
_2rda media _aComputer |
||
| 338 |
_2rda carrier _aOnline Resource |
||
| 504 | _aBibliography: pages 271-277. | ||
| 546 | _aText in English | ||
| 650 | 1 | 4 |
_aGreat Powers _2qrmak _v(International law) |
| 650 | 1 | 4 |
_aRelations _2qrmak _v Belgium |
| 650 | 1 | 4 |
_aPublic international law _2qrmak |
| 651 | 1 | _2qrmak | |
| 856 | 4 | 0 | _uhttps://fll.law.cu.edu.eg/fulltext/bks/B11-07013.pdf |
| 905 | _a79 | ||
| 942 |
_2ddc _cBK _e21 _n0 |
||
| 999 |
_c57901 _d57901 |
||